Smith Wigglesworth on faith : (Record no. 7644)
[ view plain ]
| 000 -LEADER | |
|---|---|
| fixed length control field | 00618nam a22001937a 4500 |
| 003 - CONTROL NUMBER IDENTIFIER | |
| control field | GBCCL |
| 005 - DATE AND TIME OF LATEST TRANSACTION | |
| control field | 20241126110633.0 |
| 008 - FIXED-LENGTH DATA ELEMENTS--GENERAL INFORMATION | |
| fixed length control field | 180906b ||||| |||| 00| 0 eng d |
| 020 ## - INTERNATIONAL STANDARD BOOK NUMBER | |
| International Standard Book Number | 088419437X |
| 020 ## - INTERNATIONAL STANDARD BOOK NUMBER | |
| International Standard Book Number | 9780884194378 |
| 040 ## - CATALOGING SOURCE | |
| Transcribing agency | GBC |
| 082 ## - DEWEY DECIMAL CLASSIFICATION NUMBER | |
| Classification number | 242 |
| Item number | WIG |
| 100 ## - MAIN ENTRY--PERSONAL NAME | |
| Personal name | Wigglesworth, Smith |
| 9 (RLIN) | 13480 |
| 245 ## - TITLE STATEMENT | |
| Title | Smith Wigglesworth on faith : |
| Remainder of title | a 30-day devotional / |
| Statement of responsibility, etc. | edited and compiled by Larry Keefauver. |
| 260 ## - PUBLICATION, DISTRIBUTION, ETC. | |
| Date of publication, distribution, etc. | ©1996 |
| Place of publication, distribution, etc. | Lake Mary, FL : |
| Name of publisher, distributor, etc. | Creation House, Strang Communications Co., |
| 300 ## - PHYSICAL DESCRIPTION | |
| Extent | 63 pages ; 20 cm. |
| 440 ## - SERIES STATEMENT/ADDED ENTRY--TITLE | |
| Title | Smith Wigglesworth devotional series. |
| 9 (RLIN) | 13481 |
| 942 ## - ADDED ENTRY ELEMENTS (KOHA) | |
| Source of classification or shelving scheme | Dewey Decimal Classification |
| Koha item type | Books |
| Koha issues (borrowed), all copies | 1 |
| Withdrawn status | Lost status | Source of classification or shelving scheme | Damaged status | Not for loan | Home library | Current Library | Shelving location | Date acquired | Total checkouts | Full call number | Barcode | Date last seen | Date last checked out | Copy number | Price effective from | Koha item type |
|---|---|---|---|---|---|---|---|---|---|---|---|---|---|---|---|---|
| Dewey Decimal Classification | GRACE BIBLE COLLEGE | GRACE BIBLE COLLEGE | Ministry & Mission | 2018-09-06 | 1 | 242 WIG | 003538 | 2025-05-01 | 2024-08-19 | c.1 | 2018-09-06 | Books |